书目信息 |
| 题名: |
电力系统广域电压稳定分析与控制
|
|
| 作者: | 姜涛 , 陈厚合 , 李国庆 著 | |
| 分册: | ||
| 出版信息: | 北京 科学出版社 2024.11 |
|
| 页数: | 223页 | |
| 开本: | 26cm | |
| 丛书名: | ||
| 单 册: | ||
| 中图分类: | TM712 | |
| 科图分类: | ||
| 主题词: | 电力系统稳定--dian li xi tong wen ding--稳定分析--研究 | |
| 电子资源: | ||
| ISBN: | 978-7-03-075165-2 | |
| 000 | 01475nam0 2200277 450 | |
| 001 | 90780 | |
| 005 | 20250816101952.35 | |
| 010 | @a978-7-03-075165-2@dCNY120.00 | |
| 100 | @a20241225d2024 em y0chiy50 ea | |
| 101 | 0 | @achi |
| 102 | @aCN@b110000 | |
| 105 | @aak a 000yy | |
| 106 | @ar | |
| 200 | 1 | @a电力系统广域电压稳定分析与控制@Adian li xi tong guang yu dian ya wen ding fen xi yu kong zhi@d= Power system wide-area voltage stability analysis and control@f姜涛, 陈厚合, 李国庆著@zeng |
| 210 | @a北京@c科学出版社@d2024.11 | |
| 215 | @a223页@c图@d26cm | |
| 320 | @a有书目 | |
| 330 | @a本书共5章。第1章介绍电力系统发展历史、发展趋势、电压稳定分析与控制研究现状 ; 第2章介绍基于潮流模型和基于广域量测信息的电压稳定评估指标, 阐述基于连续潮流法、直接法、最优潮流法及戴维南等值法的电压稳定评估方法 ; 第3章介绍电力系统广域电压稳定评估与在线监测方法, 介绍用于评估电力系统电压稳定性的局部电压稳定指标、改进局部电压稳定指标、简化局部电压稳定指标 ; 第4章介绍电力系统广域电压稳定控制分区方法, 包括基于广域电压稳定裕度灵敏度、基于相对增益和基于谱聚类的电压稳定控制分区方法 ; 第5章介绍电力系统广域电压稳定控制方法。 | |
| 510 | 1 | @aPower system wide-area voltage stability analysis and control@zeng |
| 606 | 0 | @a电力系统稳定@Adian li xi tong wen ding@x稳定分析@x研究 |
| 690 | @aTM712@v5 | |
| 701 | 0 | @a姜涛@Ajiang tao@4著 |
| 701 | 0 | @a陈厚合@Achen hou he@4著 |
| 701 | 0 | @a李国庆@Ali guo qing@4著 |
| 801 | 0 | @aCN@c20250909 |
| 905 | @a河南城建学院图书馆@dTM712@eJ526@f1 | |
| 电力系统广域电压稳定分析与控制= Power system wide-area voltage stability analysis and control/姜涛, 陈厚合, 李国庆著.-北京:科学出版社,2024.11 |
| 223页:图;26cm |
| ISBN 978-7-03-075165-2:CNY120.00 |
| 本书共5章。第1章介绍电力系统发展历史、发展趋势、电压稳定分析与控制研究现状 ; 第2章介绍基于潮流模型和基于广域量测信息的电压稳定评估指标, 阐述基于连续潮流法、直接法、最优潮流法及戴维南等值法的电压稳定评估方法 ; 第3章介绍电力系统广域电压稳定评估与在线监测方法, 介绍用于评估电力系统电压稳定性的局部电压稳定指标、改进局部电压稳定指标、简化局部电压稳定指标 ; 第4章介绍电力系统广域电压稳定控制分区方法, 包括基于广域电压稳定裕度灵敏度、基于相对增益和基于谱聚类的电压稳定控制分区方法 ; 第5章介绍电力系统广域电压稳定控制方法。 |
| ● |
| 相关链接 |
|
|
|
正题名:电力系统广域电压稳定分析与控制
索取号:TM712/J526
 
预约/预借
| 序号 | 登录号 | 条形码 | 馆藏地/架位号 | 状态 | 备注 |
| 1 | 1624742 | 216247425 | 自科库301/301自科库 17排2列2层/ [索取号:TM712/J526] | 在馆 |